000 00655nam a2200205Ia 4500
003 GCL
008 140319s9999 xx 000 0 ara d
020 _a0459201977
040 _aGCL /
_cGCL
082 0 4 _a750.1
_bد ن \\=aدافنشى ، ليوناردوv \\=aعادل السيوىv
245 1 0 _aنظرية التصوير
260 _aالقاهرة :
_bالهيئة المصرية العامة للكتاب ،
_c1995
300 _a522 ص ؛
_c24 سم
490 _aالالف كتاب الثانى
_v0
650 0 4 _aالضوء
650 0 4 _aالفنون
650 0 4 _aالتصوير - نظريات
650 0 4 _aالظل
942 _2ddc
_cBK
999 _c51977
_d51977